[Event "XIV Open"]
[Site "Saint Vincent - Chatillon ITA"]
[Date "2006.10.04"]
[Round "5"]
[White "Belabbas, Abdellah"]
[Black "Didoni, Renato"]
[Result "1-0"]
[WhiteElo "1691"]
[BlackElo "2076"]
[PlyCount "47"]
[EventDate "2006.09.30"]

1. d4 Nf6 2. Nc3 d5 3. e4 dxe4 4. f3 e6 5. fxe4 c6 6. Nf3 Be7 7. Bc4 b5 8. Bd3
Bb7 9. O-O Nbd7 10. Ng5 O-O 11. e5 Nxe5 12. dxe5 Qd4+ 13. Kh1 Qxe5 14. Bf4 Qc5
15. Qe2 b4 16. Nce4 Nxe4 17. Nxe4 Qa5 18. h4 Rad8 19. Ng5 h6 20. Nxe6 fxe6 21.
Qxe6+ Kh8 22. Qxe7 Rxf4 23. Rxf4 Bc8 24. Rf8+ 1-0

[Event "XIV Open"]
[Site "Saint Vincent - Chatillon ITA"]
[Date "2006.10.04"]
[Round "5"]
[White "Berlier, Filippo"]
[Black "Martinez, Guido"]
[Result "0-1"]
[WhiteElo "1383"]
[BlackElo "1969"]
[PlyCount "58"]
[EventDate "2006.09.30"]

1. d4 Nf6 2. c4 g6 3. Nc3 d5 4. cxd5 Nxd5 5. Nf3 Bg7 6. e4 Nxc3 7. bxc3 c5 8.
e5 O-O 9. Be3 Qa5 10. Qb3 Be6 11. Bc4 Bxc4 12. Qxc4 cxd4 13. Bxd4 Na6 14. O-O
Rac8 15. Qb3 b6 16. Rac1 Rc6 17. Rfd1 Rfc8 18. Ng5 e6 19. Ne4 Bxe5 20. Nf6+ Kg7
21. Bxe5 Qxe5 22. Ng4 Qc7 23. Rd3 Nc5 24. Qc4 Nxd3 25. Qd4+ e5 26. Qe3 Nf4 27.
g3 Rxc3 28. Rxc3 Qxc3 29. Qxc3 Ne2+ 0-1

[Event "XIV Open"]
[Site "Saint Vincent - Chatillon ITA"]
[Date "2006.10.04"]
[Round "5"]
[White "Broekman, Willem"]
[Black "Rossi, Giampiero"]
[Result "1-0"]
[WhiteElo "2151"]
[BlackElo "2011"]
[PlyCount "47"]
[EventDate "2006.09.30"]

1. d4 d5 2. c4 e6 3. Nc3 c6 4. Nf3 Nf6 5. Bg5 Nbd7 6. e3 Qa5 7. Nd2 Bb4 8. Qc2
O-O 9. Bh4 b6 10. Be2 Ba6 11. O-O Bxc3 12. bxc3 dxc4 13. Nxc4 Bxc4 14. Bxc4 c5
15. Qb3 Ne4 16. Bxe6 Nd2 17. Qd1 Nxf1 18. Bxd7 Nxe3 19. fxe3 Qxc3 20. dxc5 Qxc5
21. Qd3 Qh5 22. Qd4 f6 23. Rd1 Qf7 24. Bc6 1-0

[Event "XIV Open"]
[Site "Saint Vincent - Chatillon ITA"]
[Date "2006.10.04"]
[Round "5"]
[White "Della Penna, Vincenzo"]
[Black "Zaccaria, Sonia"]
[Result "1-0"]
[WhiteElo "1527"]
[BlackElo "1413"]
[PlyCount "50"]
[EventDate "2006.09.30"]

1. c4 e5 2. Nc3 Nf6 3. Nf3 Nc6 4. g3 d5 5. cxd5 Nxd5 6. Bg2 Nxc3 7. bxc3 Bd6 8.
O-O O-O 9. Rb1 Be6 10. Rxb7 Bxa2 11. Qa4 Bd5 12. c4 Bxf3 13. Bxf3 Nd4 14. d3
Nxf3+ 15. exf3 Qf6 16. Kg2 a6 17. Be3 h5 18. h4 Qg6 19. Qb3 Kh8 20. c5 Be7 21.
Rxc7 Bxh4 22. Rb7 Bf6 23. Rb6 h4 24. Rh1 Kg8 25. Rxh4 Bxh4 1-0

[Event "XIV Open"]
[Site "Saint Vincent - Chatillon ITA"]
[Date "2006.10.04"]
[Round "5"]
[White "Fragni, Enrico"]
[Black "Baloire, Endy"]
[Result "0-1"]
[WhiteElo "1859"]
[BlackElo "1506"]
[PlyCount "70"]
[EventDate "2006.09.30"]

1. d4 d5 2. Nc3 Bf5 3. Nf3 Nf6 4. g3 e6 5. Bg2 c5 6. e3 Nc6 7. Nh4 Bg4 8. f3
Bh5 9. Bf1 a6 10. a4 Qb6 11. g4 Bg6 12. Nxg6 hxg6 13. Ne2 Bd6 14. c3 Rxh2 15.
Rxh2 Bxh2 16. a5 Nxa5 17. Qa4+ Nc6 18. dxc5 Qc7 19. Bd2 Ke7 20. O-O-O Ne5 21.
Nd4 Qxc5 22. c4 Nc6 23. Nxc6+ Qxc6 24. Qa3+ Bd6 25. b4 dxc4 26. e4 b5 27. Qc3
Qc7 28. Qe3 Nd7 29. Kc2 Rh8 30. f4 Qb6 31. e5 Bc7 32. Qf3 Qa7 33. Be3 Bb6 34.
Rxd7+ Kxd7 35. Qd1+ Kc7 0-1

[Event "XIV Open"]
[Site "Saint Vincent - Chatillon ITA"]
[Date "2006.10.04"]
[Round "5"]
[White "Gauer, Jacques"]
[Black "Battistella, Stefano"]
[Result "1/2-1/2"]
[WhiteElo "1973"]
[BlackElo "2065"]
[PlyCount "47"]
[EventDate "2006.09.30"]

1. e4 Nf6 2. Nc3 e5 3. f4 d5 4. fxe5 Nxe4 5. d3 Nxc3 6. bxc3 c5 7. Nf3 Nc6 8.
d4 cxd4 9. cxd4 Bg4 10. c3 Be7 11. Be2 O-O 12. O-O Rc8 13. Be3 Na5 14. Rc1 Nc4
15. Bf4 Rc6 16. h3 Bh5 17. g4 Bg6 18. Bxc4 dxc4 19. Qd2 Bd3 20. Rf2 Rb6 21. Ne1
Be4 22. Ng2 Bd3 23. Ne1 Be4 24. Ng2 1/2-1/2

[Event "XIV Open"]
[Site "Saint Vincent - Chatillon ITA"]
[Date "2006.10.04"]
[Round "5"]
[White "Godena, Michele"]
[Black "D'Amore, Carlo"]
[Result "1/2-1/2"]
[WhiteElo "2528"]
[BlackElo "2470"]
[PlyCount "29"]
[EventDate "2006.09.30"]

1. e4 g6 2. d4 Bg7 3. c3 d6 4. Nf3 Nf6 5. Bd3 O-O 6. O-O Nc6 7. Re1 e5 8. h3 h6
9. Na3 Re8 10. Nc2 a5 11. Bd2 Kh7 12. Rc1 Bd7 13. Na3 Re7 14. Nb5 Nb8 15. a4
1/2-1/2

[Event "XIV Open"]
[Site "Saint Vincent - Chatillon ITA"]
[Date "2006.10.04"]
[Round "5"]
[White "Labarthe, Arnaud"]
[Black "Iacchetti, Giovanni"]
[Result "1-0"]
[WhiteElo "2044"]
[BlackElo "1804"]
[PlyCount "93"]
[EventDate "2006.09.30"]

1. d4 d6 2. e4 g6 3. Nc3 Bg7 4. f4 Nf6 5. a3 c6 6. Nf3 O-O 7. Be3 Ng4 8. Bg1 e5
9. dxe5 dxe5 10. Qxd8 Rxd8 11. h3 Nh6 12. fxe5 Re8 13. O-O-O Be6 14. g4 Kh8 15.
Be3 Nd7 16. Be2 Nxe5 17. Nxe5 Ng8 18. Nf3 Nf6 19. Nd4 Nxe4 20. Nxe6 Nxc3 21.
bxc3 Rxe6 22. Rd3 Rae8 23. Bxa7 Rxe2 24. Rhd1 R2e6 25. Rd7 Kg8 26. Bd4 R6e7 27.
Bxg7 Kxg7 28. Kb2 b5 29. Kb3 c5 30. Rxe7 Rxe7 31. Rd5 Rc7 32. c4 bxc4+ 33. Kxc4
Ra7 34. Rd3 f5 35. gxf5 gxf5 36. Kb5 Kf6 37. a4 Rb7+ 38. Kc6 Ra7 39. Ra3 f4 40.
a5 Ke5 41. Kb6 Rg7 42. a6 Rg3 43. Ra1 Rg6+ 44. Kxc5 f3 45. a7 Rg8 46. a8=Q Rxa8
47. Rxa8 1-0

[Event "XIV Open"]
[Site "Saint Vincent - Chatillon ITA"]
[Date "2006.10.04"]
[Round "5"]
[White "Marguerettaz, Davy"]
[Black "Borgo, Giulio"]
[Result "0-1"]
[WhiteElo "1700"]
[BlackElo "2414"]
[PlyCount "54"]
[EventDate "2006.09.30"]

1. e4 c5 2. Nc3 e6 3. g3 a6 4. Bg2 b5 5. f4 Bb7 6. d3 Nc6 7. Nf3 Nd4 8. Nxd4
cxd4 9. Ne2 Bc5 10. O-O Rc8 11. Bd2 Ne7 12. h3 f5 13. Kh1 O-O 14. Qe1 Qe8 15.
g4 Qg6 16. exf5 Bxg2+ 17. Kxg2 exf5 18. Qg3 Rfe8 19. Qf3 h5 20. g5 Qf7 21. c3
Nd5 22. cxd4 Bb4 23. Bxb4 Rc2 24. Rae1 Re3 25. Qf2 Qe6 26. Nc3 Nxb4 27. Rxe3
Qxe3 0-1

[Event "XIV Open"]
[Site "Saint Vincent - Chatillon ITA"]
[Date "2006.10.04"]
[Round "5"]
[White "Mazza, Maurizio"]
[Black "Mazzetta, Renato"]
[Result "0-1"]
[WhiteElo "1700"]
[BlackElo "1822"]
[PlyCount "58"]
[EventDate "2006.09.30"]

1. e4 c5 2. c3 e5 3. d4 Nc6 4. d5 Nce7 5. d6 Ng6 6. Na3 a6 7. Nf3 Qf6 8. Nc4 b5
9. Nb6 Rb8 10. Nxc8 Rxc8 11. Be3 Qxd6 12. Qc2 Nf6 13. Be2 Qc6 14. Rd1 Nxe4 15.
O-O c4 16. h4 h5 17. Ng5 Nxg5 18. Bxg5 d5 19. Bf3 e4 20. Rfe1 f5 21. Qe2 Ne5
22. Bxh5+ g6 23. Bf3 Be7 24. g3 Nxf3+ 25. Qxf3 exf3 26. Rxe7+ Kf8 27. Rde1 Rd8
28. R1e6 Rd6 29. Re8+ Qxe8 0-1

[Event "XIV Open"]
[Site "Saint Vincent - Chatillon ITA"]
[Date "2006.10.04"]
[Round "5"]
[White "Mondon, Fabrice"]
[Black "Astengo, Corrado"]
[Result "0-1"]
[WhiteElo "2001"]
[BlackElo "2119"]
[PlyCount "84"]
[EventDate "2006.09.30"]

1. e4 c5 2. Nf3 e6 3. d4 cxd4 4. Nxd4 a6 5. Nc3 Qc7 6. Bd3 Nc6 7. Be3 Nf6 8.
O-O b5 9. Nxc6 Qxc6 10. a3 Bb7 11. Qe2 Rc8 12. Rad1 h5 13. Bg5 Be7 14. Bxf6
Bxf6 15. Nxb5 axb5 16. Bxb5 Qxe4 17. Qxe4 Bxe4 18. Bxd7+ Ke7 19. Bxc8 Rxc8 20.
c3 Rb8 21. Rd2 Bd5 22. f4 g5 23. Re1 Bc6 24. f5 g4 25. fxe6 fxe6 26. Rde2 Bd5
27. Rc1 Bg5 28. Rd1 Bb3 29. Rd4 Rf8 30. c4 Rc8 31. Ree4 Bc2 32. Re2 Bf6 33. Rf4
Bd3 34. Ref2 Bf5 35. Re2 Bd3 36. Ref2 Bg5 37. Rf7+ Kd6 38. Rf8 Rxc4 39. h4 gxh3
40. Kh2 hxg2 41. Rxg2 Bf4+ 42. Kg1 Rc1+ 0-1

[Event "XIV Open"]
[Site "Saint Vincent - Chatillon ITA"]
[Date "2006.10.04"]
[Round "5"]
[White "Perrone, Samuel"]
[Black "Trifunovic, Dusan"]
[Result "0-1"]
[WhiteElo "1401"]
[BlackElo "1985"]
[PlyCount "104"]
[EventDate "2006.09.30"]

1. e4 e5 2. Nf3 d6 3. Nc3 Nf6 4. Bc4 Be7 5. d4 Nbd7 6. O-O O-O 7. h3 c6 8. a4
Qc7 9. Bg5 Re8 10. dxe5 dxe5 11. Qe2 b6 12. Rfd1 Nf8 13. b3 a6 14. Qe1 Ra7 15.
Ra2 Be6 16. Bd3 h6 17. Bh4 g5 18. Bg3 Ng6 19. Qe2 Bb4 20. Nb1 Nh5 21. Bxa6 Nxg3
22. fxg3 b5 23. axb5 Qb6+ 24. Kh2 cxb5 25. Bxb5 Rxa2 26. Bxe8 Bxb3 27. Rc1 Qc5
28. Ne1 Bxe1 29. Qxe1 Rxc2 30. Rxc2 Qxc2 31. Nd2 Be6 32. Nf3 Kg7 33. Bc6 Qxc6
34. Qe3 f6 35. Qd3 Qd7 36. Qxd7+ Bxd7 37. Ne1 Bc6 38. Kg1 Bxe4 39. Kf2 f5 40.
Ke3 Bb7 41. Kf2 Kf6 42. Nd3 h5 43. Nc5 Bc6 44. Na6 h4 45. gxh4 gxh4 46. Nb8 Bb7
47. Nd7+ Kg5 48. Nc5 Bd5 49. Nd3 e4 50. Ne1 Ne5 51. Ke3 Nc6 52. Kf2 Nb4 0-1

[Event "XIV Open"]
[Site "Saint Vincent - Chatillon ITA"]
[Date "2006.10.04"]
[Round "5"]
[White "Petrescu, Cristian"]
[Black "Testa, Adriano"]
[Result "1-0"]
[WhiteElo "2070"]
[BlackElo "1729"]
[PlyCount "103"]
[EventDate "2006.09.30"]

1. e4 d5 2. exd5 Qxd5 3. Nc3 Qa5 4. d4 Nf6 5. Bc4 c6 6. Nf3 Bf5 7. Ne5 e6 8. g4
Be4 9. f3 Bd5 10. Qe2 Nbd7 11. Nxd7 Kxd7 12. Bd2 Qc7 13. Bd3 Rd8 14. Nd1 c5 15.
c4 Bc6 16. d5 Bxd5 17. cxd5 Nxd5 18. Nc3 Kc8 19. O-O-O h5 20. Nxd5 exd5 21.
Bf5+ Kb8 22. Qb5 g6 23. Bc2 hxg4 24. fxg4 Rxh2 25. Rxh2 Qxh2 26. Bg5 f6 27. Be3
d4 28. Be4 Qc7 29. Bd2 g5 30. Rh1 Bg7 31. Kb1 Qe7 32. Bf3 a6 33. Qb6 Qc7 34.
Qxc7+ Kxc7 35. Rh7 Rd7 36. Kc2 c4 37. Bb4 f5 38. gxf5 d3+ 39. Kb1 b6 40. Bd2
Bf6 41. Rh6 g4 42. Bxg4 Rg7 43. Rg6 Rxg6 44. fxg6 Bg7 45. Bc3 Bh6 46. g7 Bxg7
47. Bxg7 b5 48. Kc1 a5 49. Kd2 b4 50. Be6 c3+ 51. bxc3 bxc3+ 52. Bxc3 1-0

[Event "XIV Open"]
[Site "Saint Vincent - Chatillon ITA"]
[Date "2006.10.04"]
[Round "5"]
[White "Pieri, Enzo"]
[Black "Sarno, Spartaco"]
[Result "0-1"]
[WhiteElo "1940"]
[BlackElo "2363"]
[PlyCount "90"]
[EventDate "2006.09.30"]

1. e4 d6 2. d4 Nf6 3. Bd3 e5 4. d5 g6 5. Ne2 Bg7 6. O-O O-O 7. c4 Nbd7 8. Nbc3
a5 9. a4 Nc5 10. Bc2 c6 11. Ra3 cxd5 12. cxd5 Bd7 13. Kh1 Rc8 14. f3 Ne8 15.
Be3 Nc7 16. Qd2 N7a6 17. Nb5 Bxb5 18. axb5 Nb4 19. Nc3 f5 20. Bb1 f4 21. Bf2
Bf6 22. g4 Rf7 23. Na4 Nxa4 24. Rxa4 Qc7 25. b6 Qc4 26. Rd1 Qb5 27. Ra3 Bd8 28.
Rc3 Ra8 29. Rb3 Qc4 30. Ra3 Qa6 31. Bd3 Nxd3 32. Qxd3 Bxb6 33. Qxa6 Rxa6 34.
Bxb6 Rxb6 35. Rc1 Rb5 36. Rc2 b6 37. Rc6 Rxb2 38. Rxd6 Rc7 39. Ra1 Rcc2 40. Rd1
Rxh2+ 41. Kg1 Rhg2+ 42. Kh1 Rgf2 43. Rc6 Rxf3 44. d6 Rh3+ 45. Kg1 f3 0-1

[Event "XIV Open"]
[Site "Saint Vincent - Chatillon ITA"]
[Date "2006.10.04"]
[Round "5"]
[White "Rotstein, Arkadij"]
[Black "Pepino, Enrico"]
[Result "1-0"]
[WhiteElo "2521"]
[BlackElo "2187"]
[PlyCount "81"]
[EventDate "2006.09.30"]

1. c4 Nf6 2. Nc3 g6 3. e4 d6 4. d4 Bg7 5. f4 O-O 6. Nf3 c5 7. dxc5 Qa5 8. Bd3
Qxc5 9. Qe2 Nc6 10. Be3 Qa5 11. O-O Bg4 12. a3 Nh5 13. b4 Qd8 14. Qe1 Rc8 15.
Rc1 e6 16. Nd2 Bxc3 17. Rxc3 d5 18. Bc5 d4 19. Rc1 Re8 20. h3 Bxh3 21. gxh3 b6
22. b5 bxc5 23. bxc6 e5 24. f5 Nf4 25. Rxf4 exf4 26. Nf3 Rxc6 27. e5 Ra6 28.
Qe4 gxf5 29. Qxf4 Kh8 30. Kh2 Rg8 31. Qxf5 Rg7 32. Rg1 Rag6 33. Rxg6 fxg6 34.
Qf4 Rb7 35. Ng5 Qe7 36. Be4 Rb2+ 37. Kg3 Rb3+ 38. Bf3 Kg7 39. a4 Rc3 40. e6
Rxc4 41. Qe5+ 1-0

[Event "XIV Open"]
[Site "Saint Vincent - Chatillon ITA"]
[Date "2006.10.04"]
[Round "5"]
[White "Roversi, Stefano"]
[Black "Anfuso, Luigi"]
[Result "1/2-1/2"]
[WhiteElo "1857"]
[BlackElo "1485"]
[PlyCount "99"]
[EventDate "2006.09.30"]

1. e4 c6 2. d4 d5 3. Nc3 dxe4 4. Nxe4 Bf5 5. Ng3 Bg6 6. Nf3 Nd7 7. Bc4 Ngf6 8.
h4 h6 9. h5 Bh7 10. Qe2 e6 11. O-O Bd6 12. Ne5 Bxe5 13. dxe5 Nd5 14. Bxd5 cxd5
15. f4 Qe7 16. Be3 b6 17. c4 dxc4 18. Qxc4 O-O 19. Rac1 Rfc8 20. Qa6 Nc5 21.
Qa3 Rd8 22. Bxc5 bxc5 23. Rxc5 Qf8 24. f5 exf5 25. Nxf5 Bxf5 26. Rxf5 Rdc8 27.
Rxc8 Qxc8 28. Qf3 Qc1+ 29. Kh2 Rf8 30. e6 Qc7+ 31. Kh3 Qc8 32. exf7+ Rxf7 33.
g4 Rxf5 34. Qxf5 Qc1 35. Qe6+ Kh7 36. Qe4+ Kg8 37. Qa8+ Kh7 38. Qxa7 Qxb2 39.
Qf7 Qc3+ 40. Kg2 Qd2+ 41. Qf2 Qd5+ 42. Kg3 Qd3+ 43. Kh4 Qd8+ 44. Kh3 Qd3+ 45.
Qg3 Qd5 46. Qf2 Qd3+ 47. Kg2 Qd5+ 48. Kg3 Qd6+ 49. Kh3 Qd3+ 50. Kg2 1/2-1/2

[Event "XIV Open"]
[Site "Saint Vincent - Chatillon ITA"]
[Date "2006.10.05"]
[Round "6"]
[White "Astengo, Corrado"]
[Black "Bruno, Fabio"]
[Result "0-1"]
[WhiteElo "2119"]
[BlackElo "2388"]
[PlyCount "66"]
[EventDate "2006.09.30"]

1. e4 c5 2. Nf3 Nc6 3. d4 cxd4 4. Nxd4 Qb6 5. Nb3 Nf6 6. Nc3 e6 7. Bd3 a6 8. f4
d6 9. Qf3 Qc7 10. O-O h5 11. h3 b5 12. Be3 Bb7 13. a3 Be7 14. Rae1 h4 15. Qf2
Rc8 16. e5 dxe5 17. f5 Nd8 18. Bb6 Qb8 19. Bxd8 Bxd8 20. fxe6 O-O 21. exf7+
Rxf7 22. Bg6 Re7 23. Qxh4 Rc4 24. Qg3 Rf4 25. Ne2 Bb6+ 26. Kh1 Ne4 27. Bxe4
Rxe4 28. Qg5 Qe8 29. Ng3 Rxe1 30. Rxe1 Qd7 31. Nf5 Rf7 32. Nh6+ Kh7 33. Nxf7
Qxh3# 0-1

[Event "XIV Open"]
[Site "Saint Vincent - Chatillon ITA"]
[Date "2006.10.05"]
[Round "6"]
[White "Baloire, Endy"]
[Black "Gauer, Jacques"]
[Result "0-1"]
[WhiteElo "1506"]
[BlackElo "1973"]
[PlyCount "134"]
[EventDate "2006.09.30"]

1. e4 c5 2. Nc3 e6 3. g3 d5 4. e5 Nc6 5. f4 g6 6. Bg2 a6 7. Nf3 Bg7 8. d3 Nge7
9. O-O O-O 10. Ne2 Nf5 11. b3 b5 12. Re1 Bb7 13. Kh1 Qc7 14. Neg1 Rac8 15. Ba3
b4 16. Bb2 d4 17. Bc1 h6 18. g4 Nfe7 19. h4 Nd5 20. Bd2 Rce8 21. g5 Nce7 22.
Bh3 hxg5 23. hxg5 Kh7 24. Re2 Rh8 25. Rh2 Kg8 26. Bg4 Rxh2+ 27. Kxh2 Kh7 28.
Ne2 Rh8 29. Ng3 Kg8+ 30. Kg2 Nf5 31. Bxf5 gxf5 32. Qc1 Qc6 33. Qf1 Ne7 34. Qe2
Ng6 35. Kf2 Nh4 36. Nxh4 Rxh4 37. Kf1 Bf8 38. a4 Rh1+ 39. Nxh1 Qxh1+ 40. Kf2
Qxa1 41. Qh5 Qh1 42. Qxh1 Bxh1 43. Kg3 Kh7 44. Bc1 Kg6 45. Bd2 Kh5 46. Bc1 Be7
47. Bd2 Bd8 48. Bc1 Bd5 49. Bd2 Kg6 50. Bc1 Bc6 51. Bd2 Bb6 52. Be1 c4 53. Bxb4
cxd3 54. cxd3 Bd5 55. a5 Ba7 56. Be1 Bxb3 57. Bd2 Bc2 58. Bb4 Bxd3 59. Bd2 Bc5
60. Be1 Kg7 61. Kf2 Kf8 62. Bd2 Ke8 63. Ke1 Kd7 64. Kd1 Kc6 65. Kc1 Kb5 66. Kb2
Bb4 67. Bxb4 Kxb4 0-1

[Event "XIV Open"]
[Site "Saint Vincent - Chatillon ITA"]
[Date "2006.10.05"]
[Round "6"]
[White "Battistella, Stefano"]
[Black "Pieri, Enzo"]
[Result "1-0"]
[WhiteElo "2065"]
[BlackElo "1940"]
[PlyCount "89"]
[EventDate "2006.09.30"]

1. b3 d6 2. Bb2 Nf6 3. g3 e5 4. Bg2 Be7 5. c4 c5 6. d3 Nc6 7. Nf3 Bd7 8. Nbd2
O-O 9. O-O Rb8 10. e3 Qc8 11. d4 Bg4 12. dxe5 dxe5 13. Qc2 Bd6 14. Bc3 Bf5 15.
Qb2 Qc7 16. Ng5 Nd7 17. Nge4 Be7 18. f3 h5 19. Rad1 Bd6 20. f4 Bg4 21. Rde1 f6
22. f5 h4 23. h3 Bh5 24. g4 Bf7 25. Nf3 b5 26. cxb5 Rxb5 27. Qe2 c4 28. bxc4
Rb4 29. Bxb4 Nxb4 30. Rc1 Nc5 31. Nxc5 Bxc5 32. Nd2 Qb6 33. Rc3 Nxa2 34. Rb3
Qa5 35. Ne4 Nb4 36. Rfb1 Rb8 37. Nc3 Qd8 38. Ne4 Qa5 39. R3b2 Qb6 40. Nxc5 Qxc5
41. Qd2 a5 42. Rc1 Rc8 43. Rb3 Nd5 44. Bxd5 Bxd5 45. Rb5 1-0

[Event "XIV Open"]
[Site "Saint Vincent - Chatillon ITA"]
[Date "2006.10.05"]
[Round "6"]
[White "Berlier, Filippo"]
[Black "Mazza, Maurizio"]
[Result "0-1"]
[WhiteElo "1383"]
[BlackElo "1700"]
[PlyCount "88"]
[EventDate "2006.09.30"]

1. d4 Nf6 2. c4 e6 3. Nc3 d5 4. e3 c6 5. cxd5 exd5 6. Bd3 Bg4 7. Nf3 Nbd7 8. h3
Bh5 9. g4 Bg6 10. Nh4 Bxd3 11. Qxd3 Bb4 12. Bd2 Ne4 13. Nf5 O-O 14. Nxe4 Bxd2+
15. Nxd2 Re8 16. Nd6 Re6 17. Nxb7 Qb6 18. Nc5 Nxc5 19. dxc5 Qxb2 20. O-O Rae8
21. Nf3 Qf6 22. Nd4 Re4 23. Nf5 R8e6 24. Rab1 h5 25. Ng3 Qh4 26. Nxe4 dxe4 27.
Qe2 hxg4 28. f3 gxf3 29. Qh2 Rg6+ 30. Kh1 Rg2 31. Qxg2 fxg2+ 32. Kxg2 Qg5+ 33.
Kf2 Qxc5 34. Rbc1 Qd5 35. Rc2 Qf5+ 36. Kg2 Qg6+ 37. Kh2 f5 38. Rg1 Qd6+ 39. Kh1
Qd3 40. Rcg2 Qc3 41. Rg5 Qf6 42. h4 Qh6 43. Rxf5 Qxh4+ 44. Kg2 Qg4+ 0-1

[Event "XIV Open"]
[Site "Saint Vincent - Chatillon ITA"]
[Date "2006.10.05"]
[Round "6"]
[White "Borgo, Giulio"]
[Black "Petrescu, Cristian"]
[Result "1-0"]
[WhiteElo "2414"]
[BlackElo "2070"]
[PlyCount "37"]
[EventDate "2006.09.30"]

1. Nf3 Nf6 2. c4 g6 3. Nc3 d5 4. cxd5 Nxd5 5. Qa4+ Bd7 6. Qh4 Nxc3 7. dxc3 c5
8. e4 Qa5 9. Bh6 Bxh6 10. Qxh6 Bb5 11. Qg7 Rf8 12. Ng5 Bxf1 13. Nxh7 Nd7 14.
Rxf1 O-O-O 15. Nxf8 Qa4 16. f3 Nxf8 17. Qxf7 Qc2 18. Rf2 Qd3 19. Re2 1-0

[Event "XIV Open"]
[Site "Saint Vincent - Chatillon ITA"]
[Date "2006.10.05"]
[Round "6"]
[White "Calzolari, Giampietro"]
[Black "Fragni, Enrico"]
[Result "1-0"]
[WhiteElo "1890"]
[BlackElo "1859"]
[PlyCount "63"]
[EventDate "2006.09.30"]

1. e4 c6 2. d4 d6 3. Nc3 Qc7 4. f4 Nf6 5. Nf3 Bg4 6. h3 Bxf3 7. Qxf3 Nbd7 8.
Be3 e5 9. g4 g6 10. Bc4 Bg7 11. Bxf7+ Kxf7 12. fxe5 dxe5 13. g5 Rhf8 14. gxf6
Nxf6 15. O-O-O Kg8 16. Qg2 exd4 17. Bxd4 Rae8 18. Rhe1 Re6 19. Kb1 Rfe8 20. a3
b5 21. Qf3 a5 22. b4 axb4 23. axb4 Qe7 24. Bc5 Qb7 25. e5 Nd7 26. Ne4 Bxe5 27.
Qb3 Nxc5 28. Nxc5 Qa8 29. c3 Bxc3 30. Rxe6 Rxe6 31. Nxe6 Bf6 32. Nc7+ 1-0

[Event "XIV Open"]
[Site "Saint Vincent - Chatillon ITA"]
[Date "2006.10.05"]
[Round "6"]
[White "Didoni, Renato"]
[Black "Anfuso, Luigi"]
[Result "1/2-1/2"]
[WhiteElo "2076"]
[BlackElo "1485"]
[PlyCount "108"]
[EventDate "2006.09.30"]

1. Nf3 Nf6 2. d4 d5 3. e3 Bg4 4. Be2 Bxf3 5. Bxf3 e6 6. c4 c6 7. c5 Be7 8. Nc3
O-O 9. b4 Nbd7 10. Bd2 Qc7 11. O-O b6 12. a4 a5 13. cxb6 Nxb6 14. b5 Nc4 15.
Bc1 Bb4 16. Qd3 Bd6 17. g3 Rfc8 18. e4 Bb4 19. exd5 cxd5 20. Ne2 Nb6 21. Bg5
Qc4 22. Qe3 Be7 23. Rfc1 Qb4 24. Rcb1 Qd6 25. Bf4 Qd7 26. Nc1 Rc4 27. Bd1 Rac8
28. Ne2 Ne4 29. Qd3 Bf6 30. Be3 Nc3 31. Nxc3 Rxc3 32. Qd2 R3c7 33. Qxa5 Nc4 34.
Qe1 Nxe3 35. Qxe3 Rc4 36. Qe2 Bxd4 37. Ra3 Rc3 38. Ra2 R3c5 39. Rc2 Rxc2 40.
Bxc2 g6 41. Bd1 Bb6 42. Qa2 Ba5 43. Qe2 Qc7 44. h4 h5 45. Rb3 Qb6 46. g4 hxg4
47. Rg3 Rc4 48. Rxg4 Rxg4+ 49. Qxg4 Kf8 50. h5 gxh5 51. Qxh5 Qd4 52. Qf3 Bb6
53. Kf1 Qc4+ 54. Kg2 Qd4 1/2-1/2

[Event "XIV Open"]
[Site "Saint Vincent - Chatillon ITA"]
[Date "2006.10.05"]
[Round "6"]
[White "Epishin, Vladimir V."]
[Black "Naumkin, Igor"]
[Result "1-0"]
[WhiteElo "2555"]
[BlackElo "2430"]
[PlyCount "97"]
[EventDate "2006.09.30"]

1. d4 e6 2. c4 f5 3. e3 Nf6 4. Nc3 Bb4 5. Nge2 O-O 6. g3 d6 7. Bg2 c6 8. O-O e5
9. Bd2 Kh8 10. Rc1 Nbd7 11. Qc2 Bxc3 12. Bxc3 Ng4 13. dxe5 dxe5 14. Rcd1 Qe7
15. Qd2 Qf7 16. f3 Ngf6 17. b3 c5 18. e4 fxe4 19. f4 Qe8 20. h3 b5 21. Qd6 exf4
22. Nxf4 Rb8 23. Nd5 Nxd5 24. Rxf8+ Qxf8 25. Qxf8+ Nxf8 26. Rxd5 Ne6 27. cxb5
Rxb5 28. Bxe4 Kg8 29. Bd3 Rb6 30. Ba5 Rb8 31. Bc4 Kf8 32. Bd2 Rb7 33. Be3 Rd7
34. Re5 Rd1+ 35. Kf2 Ke7 36. g4 Kd6 37. Rh5 Ra1 38. Rd5+ Ke7 39. a4 Ra2+ 40.
Kf3 Rc2 41. Bxc5+ Nxc5 42. Rxc5 Rc3+ 43. Kf4 Bd7 44. h4 h6 45. Ra5 Bc6 46. Ke5
Re3+ 47. Kd4 Re4+ 48. Kc5 Re5+ 49. Kxc6 1-0

[Event "XIV Open"]
[Site "Saint Vincent - Chatillon ITA"]
[Date "2006.10.05"]
[Round "6"]
[White "Labarthe, Arnaud"]
[Black "De Santis, Alessio"]
[Result "1/2-1/2"]
[WhiteElo "2044"]
[BlackElo "2337"]
[PlyCount "66"]
[EventDate "2006.09.30"]

1. d4 e6 2. e4 d5 3. Bd3 c5 4. c3 Nc6 5. Ne2 Nf6 6. e5 Nd7 7. O-O cxd4 8. cxd4
Nb4 9. Nbc3 Nxd3 10. Qxd3 a6 11. Qg3 b5 12. a3 Nb6 13. b3 Bd7 14. Nf4 g6 15.
Bd2 a5 16. Qd3 a4 17. Nxb5 axb3 18. Qxb3 Nc4 19. Bc3 Rb8 20. a4 Bh6 21. Nd3 O-O
22. f4 f6 23. g3 fxe5 24. Nxe5 Bxb5 25. axb5 Nxe5 26. fxe5 Be3+ 27. Kg2 Rxf1
28. Rxf1 Qb6 29. Qb4 Qxb5 30. Rf8+ Kg7 31. Qe7+ Kh6 32. Qh4+ Kg7 33. Qf6+ Kh6
1/2-1/2

[Event "XIV Open"]
[Site "Saint Vincent - Chatillon ITA"]
[Date "2006.10.05"]
[Round "6"]
[White "Martinez, Guido"]
[Black "Mondon, Fabrice"]
[Result "0-1"]
[WhiteElo "1969"]
[BlackElo "2001"]
[PlyCount "112"]
[EventDate "2006.09.30"]

1. d4 Nf6 2. c4 e6 3. Nf3 c5 4. e3 d5 5. Nc3 cxd4 6. exd4 Nc6 7. Bg5 Be7 8. Be2
O-O 9. O-O h6 10. Bh4 dxc4 11. Bg3 Qb6 12. Qd2 Rd8 13. Rad1 Nh5 14. Bxc4 Nxg3
15. hxg3 Qb4 16. Bb3 e5 17. d5 e4 18. Qe3 Bc5 19. Qxe4 Na5 20. Bc2 Qxe4 21.
Bxe4 Nc4 22. b3 Nd6 23. Bd3 Bg4 24. Ne4 Nxe4 25. Bxe4 Bd6 26. Rc1 Re8 27. Bd3
Rac8 28. Nd2 Bb4 29. Nc4 Be2 30. Bxe2 Rxe2 31. a4 Rd8 32. Rcd1 Kf8 33. Rd3 Bc5
34. Ne3 g6 35. Rc1 b6 36. Kf1 Rb2 37. Rc2 Rb1+ 38. Ke2 Rg1 39. Kf3 f5 40. Rcd2
Rb1 41. Nc4 Rf1 42. Ne5 Kg7 43. d6 g5 44. d7 g4+ 45. Ke2 Rxf2+ 46. Ke1 Rxd2 47.
Kxd2 Bb4+ 48. Ke3 Kf6 49. Nc6 Bc5+ 50. Kf4 Ba3 51. Rd1 Rxd7 52. Re1 Rd6 53.
Nxa7 Bb4 54. Re2 Bd2+ 55. Rxd2 Rxd2 56. Nc8 Re2 0-1

[Event "XIV Open"]
[Site "Saint Vincent - Chatillon ITA"]
[Date "2006.10.05"]
[Round "6"]
[White "Mazzetta, Renato"]
[Black "Roversi, Stefano"]
[Result "1-0"]
[WhiteElo "1822"]
[BlackElo "1857"]
[PlyCount "59"]
[EventDate "2006.09.30"]

1. e4 c5 2. Nc3 Nc6 3. g3 Nf6 4. Bg2 d6 5. h3 g6 6. Nge2 Bg7 7. d3 O-O 8. O-O
Rb8 9. Be3 b5 10. Qd2 b4 11. Nd1 a5 12. Bh6 Ba6 13. Bxg7 Kxg7 14. Ne3 e6 15. f4
Qb6 16. Kh2 Rfd8 17. f5 d5 18. exd5 Nxd5 19. Nxd5 exd5 20. f6+ Kh8 21. Qh6 Rg8
22. Bxd5 Ne5 23. Rf4 g5 24. Be4 Ng6 25. Rf5 Bb7 26. Bxb7 Rxb7 27. Raf1 Qe6 28.
Ng1 c4 29. Rxg5 cxd3 30. Qxh7+ 1-0

[Event "XIV Open"]
[Site "Saint Vincent - Chatillon ITA"]
[Date "2006.10.05"]
[Round "6"]
[White "Ortega, Lexy"]
[Black "Broekman, Willem"]
[Result "1-0"]
[WhiteElo "2435"]
[BlackElo "2151"]
[PlyCount "79"]
[EventDate "2006.09.30"]

1. d4 Nf6 2. Nf3 e6 3. Bf4 d5 4. e3 b6 5. c3 Bb7 6. Nbd2 Nbd7 7. Bd3 Be7 8. Ne5
Nxe5 9. dxe5 Nd7 10. h4 f5 11. Nf3 Nc5 12. Bc2 Qd7 13. Ng5 Bxg5 14. hxg5 Qe7
15. Qh5+ g6 16. Qh4 O-O 17. f3 Rf7 18. Qf2 a5 19. a4 Bc6 20. Qd2 Qd7 21. b3 Rg7
22. Kf2 Rd8 23. Qd4 Qe8 24. Rhd1 Ra8 25. Ra2 Qe7 26. Qd2 Rf7 27. Rh1 Qd7 28.
Raa1 Rd8 29. Rh4 Rg7 30. Qd4 Rf8 31. g4 fxg4 32. Rxg4 Ba8 33. Rh4 Na6 34. Rah1
c5 35. Qd3 Qb7 36. Rxh7 Rxh7 37. Qxg6+ Rg7 38. Qxe6+ Qf7 39. Qh6 Qe7 40. e6 1-0